000 00445nam a2200157Ia 4500
999 _c18999
_d18999
003 OSt
005 20200625144346.0
008 190216s9999||||xx |||||||||||||| ||und||
040 _coclc
082 _a954
_bNAR/I
100 _aNarayanan, M G S
_93246
245 0 _aIndia Charithra Parichayam /
_cM G S Narayanan
260 _bPoorna Pub,
_c1969.
_aKozhikode:
300 _a171p
942 _cBK
_2ddc
_h954
_iNAR/I
_k954
_mNAR/I